000 00947cam a22002533a 4500
001 10801
003 PGUSA
005 20140828083229.0
008 040101s2004||||xxu|||||s|||||000 | eng d
040 _aPGUSA
_beng
042 _adc
050 4 _aPR
100 1 _aColeridge, Samuel Taylor,
_d1772-1834
245 1 4 _aThe Literary Remains of Samuel Taylor Coleridge, Volume 4
_h[electronic resource] /
_cSamuel Taylor Coleridge
260 _bProject Gutenberg,
_c2004
505 0 _aNotes on Luther; St. Theresa; Bedell; Baxter; Leighton; Sherlock; Waterland; Skelton; Andrew Fuller; Whitaker; Oxlee; a barrister's hints; Davison; Irving; Noble -- Essay on faith.
506 _aPublic domain in the USA.
516 _aElectronic text
653 _aLiterature -- History and criticism
700 1 _aColeridge, Henry Nelson,
_d1798-1843
830 0 _aProject Gutenberg
_v10801
856 4 0 _uhttp://www.gutenberg.org/ebooks/10801
942 _cEB
999 _c240056
_d240056